000 00671nam a2200241Ia 4500
003 OSt
005 20220918220537.0
006 a|||||r|||| 00| 0
007 ta
008 220917b |||||||| |||| 00| 0 eng d
024 _a146,348
037 _cTextual
040 _aARTS
_cARTS
_beng
041 _2eng
_aeng
082 _aY9(X8)v3, L8
100 _aBrown David
245 0 _aSociology of industrialisation
_b An introduction
260 _aLondon
_bThe Macmillan Press
_c1978
650 _aSOCIOLOGY
700 _a Harrison Michael J
_9137740
942 _hY9(X8)v3, L8
_cTEXL
_2CC
999 _c269104
_d269104